000
00296nam a2200109Ia 4500
008
210430s9999 xx 000 0 und d
100
_a
Burton
_9
54376
245
_a
Hemon,s Plant& Process Ventilation 3rd
_c
Burton
260
_a
London
_b
Lewis Publishers
_c
1999
300
_a
388 p
942
_c
BK
_2
ddc
999
_c
564943
_d
564943